00477nam a2200145Ia 4500100001700000942000700017654001600024245006000040260003800100082001300138300000800151546001200159999001700171952014300188 aWalpole/R.E  cBK aProbability aProbability and statistics for engineers and scientists bMaxwell MacmillanaNew Yorkc1990 a519bWAL a765 aENGLISH c24764d24764 001040708CRCaCRCEbCRCEd2023-03-17eProgressive Booksg392.15i2020 dt 30.03.92l0o519 WALp3565r2023-03-17v392.15w1992-03-30yBK